000 01086nam a22003257a 4500
003 CHAP
005 20220329134807.0
008 971013s1980 r 00010 d
010 _a26024
011 _a26996
035 _a31097
040 _cCHAP
082 _a300.18
_bB8
100 0 0 _aBurghes, David Noel.
_916161
245 _aMathematical models in the social, management and life sciences
260 _aChichester, England :
_bEllis Horwood,
_c1980
300 _a287 p.
_b: ilus. ; gráfs.
490 _aMathematics and its applications
590 _aBATCH-UPD
_b10
_c20130110
_lUCH01
_h2121
590 _aBATCH-UPD
_b10
_c20130410
_lUCH01
_h1431
590 _aBATCH-UPD
_b10
_c20130914
_lUCH01
_h0633
590 _aCONVERSION
_b10
_c20130109
_lUCH01
_h1315
650 1 4 _aBiología
_xModelos matemáticos.
_912794
650 1 4 _aCiencias sociales
_xModelos matemáticos.
_923231
700 0 _aWood, A. D.
_9122502
830 0 _aMathematics and its applications
_972976
901 _aBK
942 _cLIBRO
949 _a300.18 B8
_bBC
_cLIBRO
_d33724000226254
_eLIBRO
_h58006
_i31097
_si
999 _c26024
_d26024